Quem sou eu? (Record no. 48128)

MARC details
000 -LÍDER
campo de controle de tamanho fixo 00363 a2200169 4500
001 - NÚMERO DE CONTROLE
campo de controle 48128
020 ## - ISBN - INTERNATIONAL STANDARD BOOK NUMBER
ISBN - International Standard Book Number 9788516085490
040 ## - FONTE DA CATALOGAÇÃO
Instituição que transcreveu o registro Anchieta - Aquarius
100 ## - ENTRADA PRINCIPAL--NOME PESSOAL
Nome pessoal Machado, Ana Maria
240 10 - TÍTULO UNIFORME
Título uniforme Quem sou eu?
Idioma da obra por
245 10 - TÍTULO
Título Quem sou eu?
300 ## - DESCRIÇÃO FÍSICA
Extensão 24
362 0# - DATAS DE PUBLICAÇÃO E/OU DESIGNAÇÃO SEQUENCIAL
Datas de publicação e/ou designação sequencial 2013
440 #1 - DECLARAÇÃO DE SÉRIE/ENTRADA ADICIONADA--TÍTULO
Título Moderna
650 #4 - ASSUNTO--TERMO TÓPICO
Cabeçalho tópico ou nome geográfico Literatura infanto-juvenil
942 ## - ELEMENTOS DE ENTRADA ADICIONADOS (KOHA)
Tipo de material Koha Livros
Holdings
Situação do descarte Situação das perdas Situação física Não pode ser emprestado Biblioteca de origem Biblioteca atual Data de aquisição Total de empréstimos Número de chamada completo Código de barras Data de último acesso Data do último empréstimo Data do preço efetivo Tipo de material Koha Fonte da classificação ou esquema de arquivamento na estante
        Canadian School of Niterói - Piratininga Canadian School of Niterói - Piratininga 09/02/2024   MAC-Q1 A16772 09/02/2024   09/02/2024 Livros  
        ESTA - SÃO BENTO ESTA - SÃO BENTO 30/04/2024   028.51 MAC QUE EST00011134 30/04/2024   30/04/2024 Livros  
        Colégio Anchieta - Aquarius Inspira 21/11/2023 3 028.5 MAC QUE 7294/AQU 21/11/2023 21/11/2023 21/11/2023 Livros  
        Novo Tempo - Aureliano São José Novo Tempo - Aureliano São José 08/05/2025     978851608590 08/05/2025   08/05/2025 Livros Classificação Decimal de Dewey